Thanksgiving Movies and Films 🦃 - Statistics

General Stats
  • This quiz has been taken 32 times
  • The average score is 5 of 13
Answer Stats
Year Hint Film % Correct
1992 About a troublesome St. Bernard and includes a Thanksgiving scene with the Newtons Beethoven
71%
1987 Steve Martin comedy about a desperate attempt to get home in time for Thanksgiving Planes, Trains, and Automobiles
71%
2011 Adam Sandler comedy where a twin arrives for Thanksgiving and won’t leave Jack and Jill
54%
2002 At a tense Thanksgiving dinner, a cut on Peter’s arm raises Norman Osborn's suspicion. Spider-Man
54%
1993 Pets try to reunite with their owners after they leave on a Thanksgiving vacation. Homeward Bound
50%
1973 Animated special: Bald kid hosts an improvised Thanksgiving feast of toast and jellybeans. A Charlie Brown Thanksgiving
46%
2009 Sports drama where a Thanksgiving dinner is a turning point for Michael Oher The Blind Side
46%
1993 At a Thanksgiving pageant at Camp Chippewa, Wednesday stages a rebellion. Addams Family Values
39%
1993 Party animal Pauly Shore spends Thanksgiving with his girlfriend’s conservative family. Son in Law
21%
2023 Slasher movie centered on a killer who strikes during a Thanksgiving parade Thanksgiving
21%
1995 Dramedy about a woman returning home to her dysfunctional family for Thanksgiving Home for the Holidays
18%
1990 Steve Martin mafia comedy featuring a family's chaotic Thanksgiving in witness protection My Blue Heaven
18%
1998 Rom-com with a memorable Thanksgiving grocery-store mix-up involving a credit card You've Got Mail
18%
No matching quizzes found
Score Distribution
Percent of People with Each Score
Percentile by Number Answered
Your Score History
You have not taken this quiz